The art of polychromatic & decorative turning : (Record no. 76534)
[ view plain ]
| 000 -LEADER | |
|---|---|
| fixed length control field | 00938nam a22002773 4500 |
| 001 - CONTROL NUMBER | |
| control field | 76534 |
| 003 - CONTROL NUMBER IDENTIFIER | |
| rucl marc code | BD-RjUL |
| 005 - DATE AND TIME OF LATEST TRANSACTION | |
| control field | 20211209082845.0 |
| 008 - FIXED-LENGTH DATA ELEMENTS--GENERAL INFORMATION | |
| fixed length control field | 931015s1911 enk 000 0 |
| 035 ## - SYSTEM CONTROL NUMBER | |
| System control number | CD-0000036002 |
| System control number | (BD-RjUL)76758 |
| 040 ## - CATALOGING SOURCE | |
| Original cataloging agency | BD-RjUL |
| Language of cataloging | eng |
| Transcribing agency | BD-RjUL |
| 041 ## - LANGUAGE CODE | |
| Language code of text/sound track or separate title | eng |
| 082 ## - DEWEY DECIMAL CLASSIFICATION NUMBER | |
| Edition number | 23 |
| Classification number | 684.08 |
| Author mark and year | AUA 1911 |
| 100 1# - MAIN ENTRY--PERSONAL NAME | |
| Personal name | Audsley, George Ashdown. |
| 9 (RLIN) | 236566 |
| 245 14 - TITLE STATEMENT | |
| Title | The art of polychromatic & decorative turning : |
| Remainder of title | a practical manual for the professional and amateur turner / |
| Statement of responsibility, etc. | by George Ashdown Audsley and Berthold Audsley. |
| 260 ## - PUBLICATION, DISTRIBUTION, ETC. (IMPRINT) | |
| Place of publication, distribution, etc. | London : |
| Name of publisher, distributor, etc. | Georgr allen & company ltd., |
| Date of publication, distribution, etc. | 1911 |
| 300 ## - PHYSICAL DESCRIPTION | |
| Pagination | 109 pages : |
| Illustrations | ill.; |
| Size | 21 cm. |
| 490 1# - SERIES STATEMENT | |
| Series statement | Allen's techn. and art manuals |
| 650 ## - SUBJECT ADDED ENTRY--TOPICAL TERM | |
| Topical term or geographic name as entry element | Turning (Lathe work) |
| 9 (RLIN) | 236567 |
| Topical term or geographic name as entry element | Woodwork |
| 9 (RLIN) | 236568 |
| 700 1# - ADDED ENTRY--PERSONAL NAME | |
| Personal name | Audsley, Berthold. |
| 752 ## - ADDED ENTRY--HIERARCHICAL PLACE NAME | |
| Country or larger entity | England |
| City | London |
| 830 #0 - SERIES ADDED ENTRY--UNIFORM TITLE | |
| Uniform title | Allen's techn. and art manuals |
| 942 ## - ADDED ENTRY ELEMENTS (KOHA) | |
| Source of classification or shelving scheme | Dewey Decimal Classification |
| Koha item type | Books |
| Lost status | Source of classification or shelving scheme | Damaged status | Not for loan | Collection code | Permanent Location | Current Location | Shelving location | Date acquired | Total Checkouts | Full call number | Date last seen | Copy number | Koha item type |
|---|---|---|---|---|---|---|---|---|---|---|---|---|---|
| Dewey Decimal Classification | Not For Loan | Non-fiction | Central Library, University of Rajshahi | Central Library, University of Rajshahi | Reading Room | 22/04/1966 | 684.08 AUA 1911 | 18/12/2019 | C-1 | Books |